Prc̀tica forense Juzgados de Familia / Tomo II

Bibliographic Details
Main Author: Chv̀ez Chv̀ez, Eric Andrš
Format: eBook
Language:Spanish
Subjects:
Online Access:Acceso restringido

MARC

LEADER 00000nam a22000007a 4500
005 20210716224031.0
007 cr|||| ||||
008 210716s2021 cl |||||s|||| 00||0 spa d
035 |a 33314 
040 |a vLex 
090 |c 11861  |d 11861 
100 1 |a Chv̀ez Chv̀ez, Eric Andrš 
245 1 0 |a Prc̀tica forense  |h [Recurso electrn̤ico] :  |b Juzgados de Familia /  |c Eric Andrš Chv̀ez Chv̀ez  |n Tomo II 
256 |a Servicio en ln̕ea 
300 |a 1 recurso electrn̤ico 
506 1 |a Disponible solo en los productos indicados  |d vLex Global  |d vLex Global (Academic Edition, excluding Law Schools)  |d vLex Global (U.S. Academic Edition, Law Schools)  |d vLex Global (U.S. Academic Edition, excluding Law Schools)  |d vLex Global (Academic Edition, Law Schools) 
650 0 4 |a Derecho Civil  |z Colombia 
650 0 4 |a Procedimiento Civil  |z Colombia 
740 0 |a vLex Libros (Servicio en ln̕ea) 
856 4 0 |u https://vlex.com/source/practica-forense-juzgados-familia-tomo-ii-33314  |z Acceso restringido 
942 |c BOOK 
999 0 |a Civil Law 
999 0 |a Civil Procedure